| 000 | 00360nam a2200133Ia 4500 | ||
|---|---|---|---|
| 008 | 151021s9999 xx 000 0 und d | ||
| 020 | _a9.7800804644e+012 | ||
| 050 | _aHF5718F56 2007 | ||
| 245 | _a_Communicating one-to-one at work | ||
| 260 | _aEgland Elsevier 2007 | ||
| 300 | _ax,88p. | ||
| 650 | _a_communication | ||
| 980 | _a^d20110127 01:51:53^okorir | ||
| 999 |
_c6507 _d6507 |
||